000 00975nam a2200253Ia 4500
003 OSt
005 20221005112554.0
006 a|||||r|||| 00| 0
007 ta
008 221004b |||||||| |||| 00| 0 pan d
020 _a8171427626 (hbk)
_c200
024 _a26781
037 _b983, 16/12/2015, H.K. Prakashan
_cTextual
040 _aCRL
_cCRL
_bpan
041 _2pan
_apan
082 _aV2:51wM49, 153P9
100 _aਕੰਗਣੀਵਾਲ, ਚਰੰਜੀ ਲਾਲ
245 0 _aਜੀਵਨੀ ਫ਼ਦਰੀ ਬਾਬਾ Fਹੀਦ ਮਾ. ਊਧਮ ਸਿੰਘ ਕਸੇਲ
260 _aਚੰਡੀਗੜ੍ਹ
_bਦੇF ਭਗਤ ਯਾਦਗਾਰ ਕਮੇਟੀ ਭਾਰਤ
_c2009
300 _a191ਪੰ
_ccm.
650 _aਭਾਰਤੀਯ ਇਤਿਹਾਸ
942 _hV2:51wM49, 153P9
_cTEXL
_2cc
999 _c1025289
_d1025289